Loading...
| Beliefs | 2 | 3 | 1 | 1 | 55 | 61 | 94.80 | 2 | 5 | 0.00 | 0.00 |
| Literature - European | 0 | 5 | 1 | 1 | 45 | 94 | 133.00 | 1 | 1 | 0.00 | 0.00 |
| Fine Arts - Visual | 1 | 3 | 1 | 0 | 40 | 80 | 95.50 | 0 | 1 | 0.00 | 0.00 |
| Philosophy | 2 | 1 | 1 | 0 | 35 | 34 | 46.67 | 2 | 3 | 0.00 | 0.00 |
| Literature - American | 1 | 2 | 1 | 0 | 30 | 64 | 76.00 | 1 | 2 | 0.00 | 0.00 |
| Literature - British | 0 | 3 | 0 | 0 | 30 | 122 | 148.33 | 0 | 1 | 0.00 | 0.00 |
| Fine Arts - Other | 1 | 1 | 0 | 0 | 25 | 101 | 102.00 | 1 | 1 | 0.00 | 0.00 |
| Literature - World | 0 | 3 | 1 | 0 | 25 | 95 | 95.33 | 0 | 3 | 0.00 | 0.00 |
| Science - Earth | 0 | 2 | 0 | 0 | 20 | 109 | 113.50 | 0 | 2 | 0.00 | 0.00 |
| Geography | 0 | 2 | 0 | 0 | 20 | 103 | 109.50 | 0 | 1 | 0.00 | 0.00 |
| Fine Arts - Classical Music and Opera | 0 | 3 | 2 | 2 | 20 | 119 | 148.67 | 0 | 0 | 0.00 | 0.00 |
| Science - Chemistry | 0 | 1 | 0 | 0 | 10 | 119 | 119.00 | 0 | 1 | 0.00 | 0.00 |
| Science - Other | 0 | 1 | 0 | 1 | 10 | 141 | 141.00 | 0 | 0 | 0.00 | 0.00 |
| History - World | 0 | 1 | 0 | 0 | 10 | 120 | 120.00 | 0 | 0 | 0.00 | 0.00 |
| Science - Physics | 0 | 1 | 0 | 0 | 10 | 71 | 71.00 | 0 | 0 | 0.00 | 0.00 |
| Other Academic | 0 | 1 | 0 | 0 | 10 | 101 | 101.00 | 0 | 1 | 0.00 | 0.00 |